000 00689cam a22002171 4500
001 sa 68010044
003 DLC
005 20260227112549.0
008 710915s1968 ii 00010 eng
010 _asa 68010044 //r842
025 _aPL480:I-E-10309
043 _aa-ii---
050 0 _aAS468
_b.H58
082 _a001.4/025/54
100 1 0 _aHolmes, W. Robert
_q(Walter Robert),
_d1916-
245 1 0 _aResearch facilities in Bombay, Calcutta and Madras
_c[by] W. Robert Holmes [and] S. Raj. Gopal.
260 0 _a[Delhi,
_bPrinted by Graphic Aids at Cambridge Print. Works,
_c1968]
300 _a167 p.
_c23 cm.
650 0 _aResearch
_zIndia.
700 2 0 _aRaj Gopal, S.,
_ejoint author.
999 _c83291
_d83291